Prodejní továrny.
Na Západe sa rozšírili halové samoobslužné veľkopredajne, ktoré sú obdobou tovární vo sfére obchodu. Obrovské halové predajne sú pokračovaním supermarketov. V celkovej ponuke týchto hypermarketov prevažuje samoobslužný predaj nepotravinárskeho tovaru. Definícia a charakteristika hypermarketov. Typy...
Gespeichert in:
| 1. Verfasser: | |
|---|---|
| Format: | Buchkapitel |
| Sprache: | Tschechisch |
| Schlagworte: | |
| Tags: |
Keine Tags, Fügen Sie das erste Tag hinzu!
|
MARC
| LEADER | 00000naa a2200000 4500 | ||
|---|---|---|---|
| 001 | r007185 | ||
| 005 | 20220831090230.8 | ||
| 041 | 0 | |a cze | |
| 044 | |a [CS] | ||
| 245 | 1 | 0 | |a Prodejní továrny. |c A. Simonian |
| 520 | |a Na Západe sa rozšírili halové samoobslužné veľkopredajne, ktoré sú obdobou tovární vo sfére obchodu. Obrovské halové predajne sú pokračovaním supermarketov. V celkovej ponuke týchto hypermarketov prevažuje samoobslužný predaj nepotravinárskeho tovaru. Definícia a charakteristika hypermarketov. Typy samoobslužných veľkoplošných jednotiek v Európe. Niektoré nevýhody hypermarketov. Sľubné perspektívy hypermarketov v ČSFR. | ||
| 610 | 2 | 0 | |a veľkopredajne |
| 610 | 2 | 0 | |a samoobsluhy |
| 610 | 2 | 0 | |a Európa |
| 610 | 2 | 0 | |a ČSFR |
| 610 | 2 | 0 | |a supermarkety |
| 100 | 1 | |a Simonian, Aram | |